La liberté civile et le pouvoir administratif en France / (Record no. 162373)

MARC details
000 -LEADER
campo de control de longitud fija 00605nam a2200181 i 4500
001 - NÚMERO DE CONTROL
campo de control 162373
003 - IDENTIFICADOR DE NÚMERO DE CONTROL
campo de control ES-MaACL
005 - FECHA Y HORA DE LA ÚLTIMA TRANSACCIÓN
campo de control 20230906212516.0
008 - DATOS DE LONGITUD FIJA--INFORMACIÓN GENERAL
campo de control de longitud fija 990208s1869 fr |||| | fre d
100 1# - ENTRADA PRINCIPAL--NOMBRE DE PERSONA
Nombre de persona Poitou, Eugène.
9 (RLIN) 131239
245 13 - MENCIÓN DEL TÍTULO
Título La liberté civile et le pouvoir administratif en France /
Mención de responsabilidad, etc. par Eugène Poitou.
260 ## - PUBLICACIÓN, DISTRIBUCIÓN, ETC.
Lugar de publicación, distribución, etc. Paris :
Nombre del editor, distribuidor, etc. Charpentier et Cie,
Fecha de publicación, distribución, etc. 1869 (
Fabricante Imp. Viéville et Capiomont)
300 ## - DESCRIPCIÓN FÍSICA
Extensión XVI, 343 p. ;
Dimensiones 18 cm.
597 ## - NOTA DE DESCRIPCIÓN FÍSICA
NOTA DE DESCRIPCIÓN FÍSICA Antep.
650 #4 - PUNTO DE ACCESO ADICIONAL DE MATERIA--TÉRMINO DE MATERIA
Término de materia o nombre geográfico como elemento de entrada Derecho administrativo-
Subdivisión geográfica Francia.
9 (RLIN) 150731
752 ## - ENTRADA AGREGADA--NOMBRE JERÁRQUICO DEL LUGAR
País o entidad superior Francia -
Ciudad París
852 ## - LOCALIZACIÓN
Ubicación ES-MaACL
Número de control de estantería F-13428
Nota libre - Enc. hol.
Holdings
Estatus retirado Estado de pérdida Estado de daño No para préstamo Colección Biblioteca de origen Biblioteca actual Ubicación en estantería Fecha de adquisición Fuente de adquisición Total de préstamos Signatura topográfica completa Código de barras Visto por última vez Precio de reemplazo Tipo de ítem Koha
        Libros del s. XIX Biblioteca del Ateneo de Madrid Biblioteca del Ateneo de Madrid Sala Pecera Planta 2 17/01/2008     F-13428 1170108 23/02/2023 23/02/2023 Libro impreso antiguo